000 00623nas a2200229 4500
001 BR9502090
003 BR-BrBNA
005 20231205094318.0
007 ta
008 230509b bl.|||p| |||| 00| 00por d
040 _aBR-BrBNA
_bpor
_cBiblioteca Nacional de Agricultura
041 _a(Pt)
072 _aQ04
100 1 _aCruz, J.L.S. da N.
100 1 _aAlam, M.F.
100 1 _aIppolito, M.A.M.
245 1 _aVitamina C em revisao
650 _aVitamina C
773 0 _tActa Toxicologica (Brazil)
_x
_g(1985-1986), v. 8-9 p. 25-33
_wBR9502090
909 _a202311
_bLúcia
_c55
_dLúcia Elande
942 _2AGRIS
_n0
_cANA
999 _c143491
_d143491